[Event "4NCL Division Two"]
[Site "Daventry, ENG"]
[Date "2023.03.18"]
[Round "7.11"]
[White "Cherniaev, Alexander"]
[Black "Richardson, John R"]
[Result "1-0"]
[WhiteElo "2384"]
[BlackElo "2298"]
[PlyCount "51"]
[EventDate "2023.03.18"]
[WhiteTeam "Barnet Knights A"]
[BlackTeam "The ADs"]

1. d4 Nf6 2. c4 e6 3. g3 d5 4. Nf3 Be7 5. Bg2 O-O 6. O-O c6 7. Nfd2 b6 8. Nc3
Ba6 9. b3 Nbd7 10. e4 Rc8 11. Bb2 dxc4 12. Nxc4 Qc7 13. Rc1 Rfd8 14. e5 Ne8 15.
Qg4 Bxc4 16. bxc4 c5 17. Nb5 Qb8 18. d5 a6 19. dxe6 Nxe5 20. Bxe5 Qxe5 21.
exf7+ Kf8 22. Na7 Nf6 23. Qf3 Rb8 24. Nc6 Qb2 25. Rce1 Bd6 26. Re2 1-0

[Event "4NCL Division Two"]
[Site "Daventry, ENG"]
[Date "2023.03.18"]
[Round "7.12"]
[White "Bradbury, Neil H"]
[Black "Rocco, Federico"]
[Result "1-0"]
[WhiteElo "2205"]
[BlackElo "2205"]
[PlyCount "139"]
[EventDate "2023.03.18"]
[WhiteTeam "The ADs"]
[BlackTeam "Barnet Knights A"]

1. d4 Nf6 2. Nf3 e6 3. Bg5 h6 4. Bh4 Be7 5. Nbd2 c5 6. e3 b6 7. Bd3 Bb7 8. O-O
Nc6 9. c3 O-O 10. Rc1 d6 11. Bb1 Nh5 12. Qc2 g6 13. Bxe7 Qxe7 14. Rfe1 Rac8 15.
Qd3 Kg7 16. e4 cxd4 17. cxd4 d5 18. e5 Na5 19. Qe3 Kh7 20. b3 Ng7 21. g4 Qa3
22. Rcd1 Nc6 23. Nf1 Qe7 24. h4 f5 25. exf6 Qxf6 26. N1h2 h5 27. Qg5 hxg4 28.
Nxg4 Qxg5 29. Nxg5+ Kh8 30. Bxg6 Rf4 31. Nh6 Nf5 32. Nxe6 Rxh4 33. Nf7+ Kg8 34.
Bxf5 Kxf7 35. Ng5+ Kf6 36. Bxc8 Bxc8 37. Nf3 Rf4 38. Rc1 Ne7 39. Rxe7 Kxe7 40.
Rxc8 Rxf3 41. Rc7+ Kd6 42. Rxa7 b5 43. Ra6+ Ke7 44. Kg2 Rd3 45. f4 b4 46. f5
Rxd4 47. Kf3 Kd7 48. Ke3 Re4+ 49. Kd3 Ke7 50. f6+ Kf7 51. Rd6 Rh4 52. Rxd5 Kxf6
53. Rd4 Rh2 54. Rxb4 Rxa2 55. Re4 Kf5 56. Re1 Ra8 57. b4 Rd8+ 58. Kc4 Rc8+ 59.
Kd5 Rb8 60. Rf1+ Kg6 61. Rb1 Kf7 62. Kc6 Ke7 63. b5 Rc8+ 64. Kb7 Rc2 65. Rd1
Rb2 66. b6 Rb3 67. Kc7 Rc3+ 68. Kb8 Rb3 69. b7 Rb2 70. Ra1 1-0

[Event "4NCL Division Two"]
[Site "Daventry, ENG"]
[Date "2023.03.18"]
[Round "7.13"]
[White "Mirzoeva, Elmira"]
[Black "Snape, Ian L"]
[Result "1/2-1/2"]
[WhiteElo "2245"]
[BlackElo "2197"]
[PlyCount "72"]
[EventDate "2023.03.18"]
[WhiteTeam "Barnet Knights A"]
[BlackTeam "The ADs"]

{[%evp 0,72,23,16,70,65,65,61,59,53,59,53,56,40,40,40,36,33,38,38,40,26,37,32,
34,42,45,30,45,50,44,1,4,7,7,7,7,-19,41,32,32,30,30,22,22,22,22,22,22,22,42,44,
47,46,41,6,2,7,4,-3,-3,0,7,7,5,7,6,0,0,0,20,19,24,21,21]} 1. d4 c5 2. d5 g6 3.
Nc3 d6 4. e4 Bg7 5. Nf3 Nf6 6. Bb5+ Bd7 7. a4 Bxb5 8. axb5 O-O 9. O-O Nbd7 10.
Qe2 Ne8 11. Bg5 Nc7 12. Ra2 Nb6 13. Rfa1 a6 14. bxa6 Rxa6 15. Nb5 Bxb2 16. Nxc7
Qxc7 17. Rxa6 bxa6 18. Rb1 Bf6 19. Bxf6 exf6 20. Qxa6 Ra8 21. Qb5 Rb8 22. Nd2
Nd7 23. Qf1 Rxb1 24. Qxb1 Qb6 25. Qxb6 Nxb6 26. Kf1 Kf8 27. Ke2 f5 28. exf5
Nxd5 29. Ne4 Ke7 30. fxg6 fxg6 31. g3 c4 32. f4 Nb4 33. Kd2 d5 34. Ng5 h6 35.
Nf3 Nc6 36. Ke3 Kf6 {Rest of scoresheets unintelligible} 1/2-1/2

[Event "4NCL Division Two"]
[Site "Daventry, ENG"]
[Date "2023.03.18"]
[Round "7.14"]
[White "Duggan, John E"]
[Black "Villiers, Thomas"]
[Result "1-0"]
[WhiteElo "2145"]
[BlackElo "2185"]
[PlyCount "91"]
[EventDate "2023.03.18"]
[WhiteTeam "The ADs"]
[BlackTeam "Barnet Knights A"]

1. d4 Nf6 2. Nf3 e6 3. e3 b6 4. Bd3 Bb7 5. O-O Be7 6. b3 O-O 7. c4 d5 8. Nbd2
Nbd7 9. Bb2 Ne4 10. Qc2 f5 11. Rfd1 Rc8 12. Nf1 Qe8 13. Qe2 Qg6 14. cxd5 exd5
15. Rac1 Bd6 16. Ne5 Bxe5 17. dxe5 Ndc5 18. Bb1 d4 19. f4 Ba6 20. Qf3 d3 21. b4
Na4 22. Ba1 Rfd8 23. Nd2 c5 24. bxc5 bxc5 25. Nc4 Qe6 26. Rxd3 Bxc4 27. Rxd8+
Rxd8 28. Bxe4 fxe4 29. Qxe4 Nb6 30. f5 Qd5 31. Qh4 Qd2 32. Re1 Rf8 33. e4 Bxa2
34. Qg3 Na4 35. e6 Nb2 36. Qe3 Qxe3+ 37. Rxe3 Rb8 38. Ra3 Bb1 39. Rxa7 Bxe4 40.
g4 Nd3 41. Rxg7+ Kf8 42. e7+ Ke8 43. Rg8+ Kxe7 44. Rxb8 Nf4 45. Kf2 Bc2 46.
Rb7+ 1-0

[Event "4NCL Division Two"]
[Site "Daventry, ENG"]
[Date "2023.03.18"]
[Round "7.15"]
[White "Badacsonyi, Frankie"]
[Black "Roe, Simon J"]
[Result "1/2-1/2"]
[WhiteElo "2183"]
[BlackElo "2134"]
[PlyCount "40"]
[EventDate "2023.03.18"]
[WhiteTeam "Barnet Knights A"]
[BlackTeam "The ADs"]

1. d4 Nf6 2. Nf3 c5 3. g3 e6 4. c4 d5 5. cxd5 exd5 6. Bg2 Nc6 7. O-O Be7 8.
dxc5 Bxc5 9. a3 Ne4 10. Nfd2 Bf5 11. Nxe4 Bxe4 12. Nd2 Bxg2 13. Kxg2 O-O 14.
Nf3 Re8 15. b4 Bb6 16. Bb2 Qe7 17. Qxd5 Qxe2 18. Bxg7 Kxg7 19. Qg5+ Kh8 20.
Qf6+ Kg8 1/2-1/2

[Event "4NCL Division Two"]
[Site "Daventry, ENG"]
[Date "2023.03.18"]
[Round "7.16"]
[White "Ahluwalia, Amardip"]
[Black "Thatte, Nishchal"]
[Result "0-1"]
[WhiteElo "2165"]
[BlackElo "2101"]
[PlyCount "76"]
[EventDate "2023.03.18"]
[WhiteTeam "The ADs"]
[BlackTeam "Barnet Knights A"]

1. e4 e6 2. d4 d5 3. Nc3 Bb4 4. exd5 exd5 5. Bd3 Nf6 6. Nge2 O-O 7. O-O Re8 8.
Bg5 c6 9. f4 Be7 10. Ng3 h6 11. Bh4 Qb6 12. Bf5 Nbd7 13. Rb1 g6 14. Bxd7 Bxd7
15. Na4 Qc7 16. Bxf6 Bxf6 17. f5 Bh4 18. fxg6 fxg6 19. Qd3 Kg7 20. Nc5 Bg4 21.
Rbe1 b6 22. Nb3 Qd6 23. Re3 Bg5 24. Ree1 Bf4 25. c4 h5 26. cxd5 cxd5 27. Qb5
Rf8 28. Ne2 Bxh2+ 29. Kh1 h4 30. Qd3 Rae8 31. Nbc1 Bf5 32. Qb3 g5 33. Nc3 Rxe1
34. Rxe1 Bg3 35. Rg1 Bf2 36. Rf1 Bxd4 37. Qxd5 Qxd5 38. Nxd5 Be4 0-1

[Event "4NCL Division Two"]
[Site "Daventry, ENG"]
[Date "2023.03.18"]
[Round "7.17"]
[White "Pollack, Oscar"]
[Black "Agrawal, Shivam"]
[Result "0-1"]
[WhiteElo "2098"]
[BlackElo "2112"]
[PlyCount "126"]
[EventDate "2023.03.18"]
[WhiteTeam "Barnet Knights A"]
[BlackTeam "The ADs"]

1. e4 c6 2. d4 d5 3. e5 Bf5 4. h4 h5 5. Bd3 Bxd3 6. Qxd3 e6 7. Bg5 Qb6 8. Nd2
c5 9. c4 Nc6 10. Ngf3 Nh6 11. O-O cxd4 12. cxd5 Nb4 13. Qb3 Nxd5 14. Qa4+ Qc6
15. Qxc6+ bxc6 16. Nxd4 Kd7 17. Rac1 Rc8 18. Bxh6 Rxh6 19. Ne4 Rg6 20. Rfd1 Be7
21. Nc5+ Bxc5 22. Rxc5 f6 23. exf6 gxf6 24. Kf1 Rg4 25. g3 f5 26. Nf3 Kd6 27.
Ra5 f4 28. Rxa7 fxg3 29. fxg3 Rxg3 30. Kf2 Rcg8 31. Ng5 Rg4 32. b4 Rxb4 33. Rc1
Rf4+ 34. Ke2 Rgf8 35. Kd3 Nb4+ 36. Ke3 Nd5+ 37. Kd3 Nb4+ 38. Ke3 c5 39. Ne4+
Ke5 40. Nxc5 Rf3+ 41. Kd2 Rf2+ 42. Kc3 Nd5+ 43. Kc4 R8f4+ 44. Kb3 Rb4+ 45. Ka3
Rf3+ 46. Nb3 Rxh4 47. Re1+ Re4 48. Rh1 h4 49. Rh7 Rff4 50. Nc5 Nf6 51. Rh6 Re3+
52. Nb3 Ree4 53. Nc5 Rd4 54. Rh3 Kf5 55. Nd3 Rf1 56. Kb2 Kg5 57. Rh8 Rg4 58.
Re3 Rg3 59. Re5+ Rf5 60. Rxf5+ exf5 61. Kc3 h3 62. a4 Nh5 63. Kd4 Rxd3+ 0-1

[Event "4NCL Division Two"]
[Site "Daventry, ENG"]
[Date "2023.03.18"]
[Round "7.18"]
[White "Ahluwalia, Balvinder"]
[Black "Willmoth, Robert F"]
[Result "0-1"]
[WhiteElo "1162"]
[BlackElo "2140"]
[PlyCount "36"]
[EventDate "2023.03.18"]
[WhiteTeam "The ADs"]
[BlackTeam "Barnet Knights A"]

1. d4 g6 2. Bf4 Bg7 3. e3 c5 4. c3 Qb6 5. Qc2 Nf6 6. Nd2 d5 7. Ngf3 Nc6 8. Bg3
Bd7 9. Be2 Rc8 10. O-O cxd4 11. exd4 Nxd4 12. Nxd4 Qxd4 13. Qd3 Qxd3 14. Bxd3
Nh5 15. Rac1 Nxg3 16. fxg3 O-O 17. a4 Bh6 18. Rf2 Be3 0-1

[Event "4NCL Division Two"]
[Site "Daventry, ENG"]
[Date "2023.03.18"]
[Round "7.21"]
[White "Berry, Neil"]
[Black "Merriman, John"]
[Result "1-0"]
[WhiteElo "2228"]
[BlackElo "2351"]
[PlyCount "91"]
[EventDate "2023.03.18"]
[WhiteTeam "Alba"]
[BlackTeam "KJCA Kings"]

1. d4 e6 2. c4 Nf6 3. Nf3 c5 4. d5 exd5 5. cxd5 d6 6. Nc3 g6 7. Nd2 Bg7 8. e4
O-O 9. Be2 Na6 10. O-O Nc7 11. a4 b6 12. Nc4 Ba6 13. Bg5 Re8 14. f4 h6 15. Bxf6
Qxf6 16. e5 dxe5 17. Nxe5 Rad8 18. Bb5 Rf8 19. Qf3 Bb7 20. Bc6 Bc8 21. Ne4 Qh4
22. g3 Qh3 23. Rad1 Ne8 24. d6 Bxe5 25. fxe5 Bg4 26. Qf2 Bxd1 27. Bxe8 Bb3 28.
Bc6 Qe6 29. Qe3 Kg7 30. Nd2 Bc2 31. Qc3 Bf5 32. g4 Bxg4 33. Rf6 Qc8 34. e6 Kh7
35. Bd7 Rxd7 36. exd7 Bxd7 37. Ne4 Bf5 38. d7 Bxd7 39. Rd6 f5 40. Nf6+ Rxf6 41.
Qxf6 Qe8 42. Kf2 f4 43. Qxf4 Bxa4 44. Rd3 Bb5 45. Qc7+ Kg8 46. Rd8 1-0

[Event "4NCL Division Two"]
[Site "Daventry, ENG"]
[Date "2023.03.18"]
[Round "7.22"]
[White "Hand, Freddie"]
[Black "McKay, Roderick M"]
[Result "1-0"]
[WhiteElo "2177"]
[BlackElo "2213"]
[PlyCount "71"]
[EventDate "2023.03.18"]
[WhiteTeam "KJCA Kings"]
[BlackTeam "Alba"]

1. d4 f5 2. Bg5 d6 3. Nc3 h6 4. Bf4 g5 5. Bd2 Nc6 6. e4 Nf6 7. Bb5 a6 8. Bxc6+
bxc6 9. e5 dxe5 10. dxe5 Ng4 11. Nf3 a5 12. h3 Nxf2 13. Kxf2 g4 14. Ne1 Qd4+
15. Be3 Qxe5 16. Qd4 Qxd4 17. Bxd4 Rg8 18. hxg4 fxg4 19. Nd3 Bf5 20. Rh5 e6 21.
Be3 g3+ 22. Ke1 O-O-O 23. Rh4 e5 24. Ra4 e4 25. Rxa5 exd3 26. Rxf5 Bb4 27. cxd3
Bxc3+ 28. bxc3 Rxd3 29. Bxh6 Re8+ 30. Kf1 Rxc3 31. Rf8 Rxf8+ 32. Bxf8 Rc2 33.
Bg7 Rc5 34. Ke2 Rg5 35. Bh6 Ra5 36. a3 1-0

[Event "4NCL Division Two"]
[Site "Daventry, ENG"]
[Date "2023.03.18"]
[Round "7.23"]
[White "Waldhausen Gordon, Frederick"]
[Black "Verma, Shlok"]
[Result "1-0"]
[WhiteElo "2154"]
[BlackElo "2092"]
[PlyCount "83"]
[EventDate "2023.03.18"]
[WhiteTeam "Alba"]
[BlackTeam "KJCA Kings"]

1. e4 e6 2. Nf3 d5 3. Nc3 Nf6 4. e5 Nfd7 5. d4 c5 6. dxc5 Nc6 7. Bf4 Nxc5 8. a3
Be7 9. Be2 O-O 10. O-O f5 11. exf6 Bxf6 12. Bg3 d4 13. b4 dxc3 14. bxc5 Nd4 15.
Nxd4 Qxd4 16. Bd6 Rf7 17. Qxd4 Bxd4 18. Bf3 a5 19. Rab1 g6 20. Rfd1 Bf6 21. Rd3
Kg7 22. h3 Ra7 23. Rb6 Bd7 24. Bb8 Ra6 25. Rxa6 bxa6 26. c6 Bc8 27. a4 Rf8 28.
Bd6 Re8 29. c7 h5 30. Bc6 Rg8 31. f4 Kf7 32. Be5 Bxe5 33. fxe5 Ke7 34. h4 Rf8
35. g3 Rg8 36. Kg2 Rf8 37. Rd4 Rf5 38. Rd8 Rf8 39. Rxf8 Kxf8 40. Kf3 Kg7 41.
Kf4 Kh6 42. Be4 1-0

[Event "4NCL Division Two"]
[Site "Daventry, ENG"]
[Date "2023.03.18"]
[Round "7.24"]
[White "Merriman, James"]
[Black "Shafi, Declan"]
[Result "1-0"]
[WhiteElo "2176"]
[BlackElo "2202"]
[PlyCount "35"]
[EventDate "2023.03.18"]
[WhiteTeam "KJCA Kings"]
[BlackTeam "Alba"]

1. d4 Nf6 2. c4 g6 3. Nc3 d5 4. Nf3 Bg7 5. Bf4 O-O 6. Rc1 dxc4 7. e3 Be6 8. Ng5
Bd5 9. Nxd5 Nxd5 10. Bxc4 Nxf4 11. Qf3 e5 12. Nxf7 Rxf7 13. exf4 e4 14. Qb3 Nc6
15. Bxf7+ Kf8 16. Bg8 Qe7 17. Bxh7 Rd8 18. Qg8# 1-0

[Event "4NCL Division Two"]
[Site "Daventry, ENG"]
[Date "2023.03.18"]
[Round "7.25"]
[White "White, Stuart A"]
[Black "Ball, Laurence"]
[Result "1-0"]
[WhiteElo "2049"]
[BlackElo "2043"]
[PlyCount "159"]
[EventDate "2023.03.18"]
[WhiteTeam "Alba"]
[BlackTeam "KJCA Kings"]

1. d4 d6 2. e4 Nf6 3. Nc3 e5 4. dxe5 dxe5 5. Qxd8+ Kxd8 6. Bc4 Be6 7. Bxe6 fxe6
8. f3 Nc6 9. Be3 a6 10. Nb1 Bd6 11. Nh3 Ke7 12. Nf2 Nd4 13. Kd1 Rad8 14. c3 Nc6
15. Ke2 a5 16. a4 Rhf8 17. Na3 h6 18. Nc4 Nd7 19. Nd3 b6 20. Rhb1 Nc5 21. Nxc5
bxc5 22. Kd3 Rb8 23. Nd2 Rb6 24. Kc4 Rfb8 25. b3 Rd8 26. Rd1 Na7 27. Rab1 Rc6
28. Kd3 Ra6 29. Nc4 Nc6 30. Kc2 Rb8 31. Nb2 Nd8 32. Nd3 Rc6 33. Nb2 Nb7 34. Bf2
Nd8 35. h4 Nb7 36. h5 Nd8 37. Nc4 Ra6 38. Rd2 Nf7 39. Rbd1 Raa8 40. Rh1 Kf8 41.
Bg3 Rd8 42. Bh4 Re8 43. Rhd1 Ra6 44. Bg3 Raa8 45. Rf1 Kg8 46. Bh2 Red8 47. Bg1
Rf8 48. Be3 Ra6 49. Rdd1 Nd8 50. Bc1 Nb7 51. g3 Raa8 52. f4 exf4 53. gxf4 Rae8
54. Be3 Rf7 55. e5 Be7 56. Rd7 Bd8 57. Rxf7 Kxf7 58. Kd3 g6 59. hxg6+ Kxg6 60.
Ke4 Rf8 61. Rg1+ Kh7 62. Rf1 Kg6 63. Bf2 h5 64. Rg1+ Kh7 65. Ne3 c6 66. f5
exf5+ 67. Nxf5 Rf7 68. Be3 Rd7 69. Bf4 c4 70. b4 axb4 71. cxb4 Bb6 72. Rg5 Nd8
73. Rxh5+ Kg8 74. Rh6 Rd1 75. e6 Re1+ 76. Ne3 Bxe3 77. Bxe3 Kf8 78. Kd4 Rxe3
79. Kxe3 Ke7 80. Kd4 1-0

[Event "4NCL Division Two"]
[Site "Daventry, ENG"]
[Date "2023.03.18"]
[Round "7.26"]
[White "Bansal, Rohan"]
[Black "Grassie, Duncan"]
[Result "0-1"]
[WhiteElo "2084"]
[BlackElo "2052"]
[PlyCount "86"]
[EventDate "2023.03.18"]
[WhiteTeam "KJCA Kings"]
[BlackTeam "Alba"]

1. d4 Nf6 2. Nf3 g6 3. Nc3 d5 4. Bf4 c6 5. e3 Bg7 6. Be2 O-O 7. h4 h5 8. Ne5
Nbd7 9. f3 Qb6 10. Nd3 Re8 11. Qd2 a5 12. a4 Qa7 13. O-O-O b6 14. Rdg1 Ba6 15.
Ne5 Rac8 16. g4 Nf8 17. gxh5 Nxh5 18. Bh2 Red8 19. Bd1 b5 20. f4 b4 21. Nb1 Nf6
22. Bf3 c5 23. h5 cxd4 24. hxg6 fxg6 25. exd4 Ne4 26. Qe3 Rc4 27. Bxe4 Rxd4 28.
Bd3 Bxe5 29. fxe5 Bxd3 30. Rd1 Be4 31. Rxd4 Bxh1 32. e6 Qb6 33. Qg1 Be4 34. Qd1
Rc8 35. Rd2 Qe3 36. Bg1 Qg5 37. c3 Nxe6 38. Qe1 Nc5 39. Bxc5 Rxc5 40. Qf2 Rc8
41. Qd4 e5 42. Qb6 Rf8 43. Qe6+ Kg7 0-1

[Event "4NCL Division Two"]
[Site "Daventry, ENG"]
[Date "2023.03.18"]
[Round "7.27"]
[White "Lampard, Alice"]
[Black "Young, Daniel J"]
[Result "0-1"]
[WhiteElo "1948"]
[BlackElo "2013"]
[PlyCount "68"]
[EventDate "2023.03.18"]
[WhiteTeam "Alba"]
[BlackTeam "KJCA Kings"]

{[%evp 0,68,16,28,29,-16,63,36,25,39,57,37,42,46,62,28,66,71,71,55,77,30,33,42,
39,30,27,12,7,7,1,6,17,1,-5,-3,-13,-1,-14,-61,82,-8,25,44,44,-41,-41,-19,-56,
-61,-60,-63,0,-28,-282,-336,-280,-280,-234,-230,-152,-165,-189,-332,-339,-657,
-718,-718,-730,-730,-763]} 1. d4 Nf6 2. c4 g6 3. Nc3 Bg7 4. e4 d6 5. Nf3 O-O 6.
Be2 e5 7. O-O Nc6 8. d5 Ne7 9. Ne1 Nd7 10. Be3 f5 11. f3 f4 12. Bf2 g5 13. a4
a5 14. Nd3 b6 15. Nb5 Nf6 16. Qd2 g4 17. b4 axb4 18. Qxb4 Ng6 19. a5 g3 20.
hxg3 fxg3 21. Bxg3 Nh5 22. Bf2 Nhf4 23. Nxf4 Nxf4 24. Qe1 Qg5 25. g3 Rf6 26.
Ra2 Qh5 27. gxf4 Rg6+ 28. Bg3 exf4 29. Rf2 fxg3 30. Rg2 Qh4 31. Bd1 Be5 32. Kf1
Qh1+ 33. Rg1 Bh3+ 34. Ke2 Qh2+ 0-1

[Event "4NCL Division Two"]
[Site "Daventry, ENG"]
[Date "2023.03.18"]
[Round "7.28"]
[White "Willow, Hambel M"]
[Black "Vijayakumar, Rishi"]
[Result "1/2-1/2"]
[WhiteElo "1790"]
[BlackElo "1843"]
[PlyCount "49"]
[EventDate "2023.03.18"]
[WhiteTeam "KJCA Kings"]
[BlackTeam "Alba"]

1. d4 Nf6 2. c4 e6 3. Nc3 Bb4 4. Qc2 d5 5. Bg5 h6 6. Bh4 dxc4 7. e3 b5 8. Nf3
Bb7 9. Be2 Nbd7 10. O-O a6 11. Rfd1 O-O 12. a4 Bxc3 13. bxc3 Be4 14. Qb2 c6 15.
Ne5 Qb6 16. Bxf6 Nxf6 17. Nxc4 Qc7 18. Ne5 Rfb8 19. axb5 axb5 20. Rxa8 Rxa8 21.
Ra1 Rxa1+ 22. Qxa1 Nd7 23. Qa8+ Qb8 24. Qxb8+ Nxb8 25. Bd3 1/2-1/2

[Event "4NCL Division Two"]
[Site "Daventry, ENG"]
[Date "2023.03.18"]
[Round "7.31"]
[White "Merry, Alan B"]
[Black "Willson, Ollie"]
[Result "1-0"]
[WhiteElo "2440"]
[BlackElo "2126"]
[PlyCount "103"]
[EventDate "2023.03.18"]
[WhiteTeam "Barbican 4NCL"]
[BlackTeam "Sussex Martlets 1"]

1. d4 Nf6 2. c4 e6 3. g3 Bb4+ 4. Bd2 a5 5. Bg2 d5 6. Nf3 dxc4 7. Qc2 c5 8. dxc5
Bxc5 9. O-O O-O 10. Na3 Nbd7 11. Nxc4 b6 12. Ne1 Nd5 13. Nd3 Ba6 14. Rac1 Rc8
15. Qb3 Qe7 16. Rfd1 Rfd8 17. Nxc5 Rxc5 18. e4 Rdc8 19. Nxa5 Rxc1 20. Rxc1
Rxc1+ 21. Bxc1 bxa5 22. exd5 exd5 23. Qe3 Qxe3 24. Bxe3 Nf6 25. Bf1 Bxf1 26.
Kxf1 a4 27. Ke2 Kf8 28. Kd3 Ke7 29. Bg5 Ke6 30. Bxf6 Kxf6 31. Kd4 Ke6 32. b4
axb3 33. axb3 Kd6 34. g4 h6 35. h4 Kc6 36. h5 Kd6 37. b4 Kc6 38. Ke5 g6 39. Kd4
gxh5 40. gxh5 Kb5 41. Kxd5 Kxb4 42. Ke5 Kc4 43. Kf6 Kd5 44. Kxf7 Ke5 45. Kg6
Ke6 46. f4 Ke7 47. f5 Kf8 48. Kxh6 Kf7 49. Kg5 Kg7 50. h6+ Kf7 51. h7 Kg7 52.
h8=Q+ 1-0

[Event "4NCL Division Two"]
[Site "Daventry, ENG"]
[Date "2023.03.18"]
[Round "7.32"]
[White "Kolani, Arjun"]
[Black "Taylor, Martin R"]
[Result "1/2-1/2"]
[WhiteElo "2174"]
[BlackElo "2353"]
[PlyCount "93"]
[EventDate "2023.03.18"]
[WhiteTeam "Sussex Martlets 1"]
[BlackTeam "Barbican 4NCL"]

1. e4 e5 2. Nf3 Nc6 3. Bc4 Be7 4. d4 exd4 5. c3 Na5 6. Qxd4 Nxc4 7. Qxc4 Nf6 8.
O-O O-O 9. Rd1 d6 10. e5 Ne8 11. Bf4 Be6 12. Qb5 Qc8 13. Nbd2 dxe5 14. Bxe5 f6
15. Bg3 Nd6 16. Bxd6 Bxd6 17. Ne4 Be7 18. Nd4 Bf7 19. Nf5 Re8 20. Neg3 Bf8 21.
Rd4 Re5 22. Qd3 Qe6 23. Ne3 Re8 24. Rd8 Bc5 25. Ngf5 Bg6 26. Rxe8+ Qxe8 27.
Qc4+ Kh8 28. Nd4 Bf7 29. Qd3 g6 30. h3 Kg7 31. b4 Bf8 32. a4 c5 33. Nf3 Re6 34.
bxc5 Bxc5 35. Nd4 Re5 36. Qb5 Qe7 37. Qd3 a6 38. Rb1 h5 39. Nf3 Re4 40. Nd5
Bxd5 41. Qxd5 b6 42. a5 b5 43. Rd1 Re6 44. Qa8 Rd6 45. Re1 Re6 46. Rd1 Rd6 47.
Ne1 1/2-1/2

[Event "4NCL Division Two"]
[Site "Daventry, ENG"]
[Date "2023.03.18"]
[Round "7.33"]
[White "Cox, John J"]
[Black "Grant, David J"]
[Result "1/2-1/2"]
[WhiteElo "2298"]
[BlackElo "2217"]
[PlyCount "128"]
[EventDate "2023.03.18"]
[WhiteTeam "Barbican 4NCL"]
[BlackTeam "Sussex Martlets 1"]

1. c4 e5 2. Nc3 Nf6 3. d3 d5 4. cxd5 Nxd5 5. Nf3 Nc6 6. e4 Nxc3 7. bxc3 Bc5 8.
Be2 Qe7 9. O-O O-O 10. Qc2 Rd8 11. Bb2 Bg4 12. h3 Bh5 13. Rad1 Bb6 14. Rfe1 Qc5
15. Rf1 Bxf3 16. Bxf3 Nd4 17. Qd2 Nxf3+ 18. gxf3 Rd6 19. Kh2 Rad8 20. d4 exd4
21. cxd4 Qe5+ 22. f4 Qxe4 23. Rfe1 Qf3 24. Qe3 Qxe3 25. fxe3 c5 26. Re2 f5 27.
Red2 cxd4 28. Bxd4 Bxd4 29. exd4 Rd5 30. Kg3 Kf7 31. Kf3 Kf6 32. Rd3 h6 33. h4
b5 34. a3 a5 35. h5 Rc8 36. Rg1 Rcd8 37. Ke3 Re8+ 38. Kf3 Re4 39. Rg6+ Kf7 40.
Rb6 Rexd4 41. Rxd4 Rxd4 42. Rxb5 Rd3+ 43. Kg2 Rxa3 44. Rxf5+ Ke6 45. Rb5 a4 46.
Ra5 Ra2+ 47. Kg3 Ra1 48. Kg4 a3 49. Ra6+ Kf7 50. Kf5 a2 51. Ra7+ Kg8 52. Ra8+
Kh7 53. Ra7 Rh1 54. Rxa2 Rxh5+ 55. Kg4 Rh1 56. Ra6 Rg1+ 57. Kh4 g6 58. Ra7+ Kg8
59. f5 gxf5 60. Kh5 f4 61. Ra4 f3 62. Rf4 Rf1 63. Kg4 h5+ 64. Kg3 Rg1+ 1/2-1/2

[Event "4NCL Division Two"]
[Site "Daventry, ENG"]
[Date "2023.03.18"]
[Round "7.34"]
[White "Payne, Matthew J"]
[Black "Pigott, John C"]
[Result "0-1"]
[WhiteElo "2166"]
[BlackElo "2361"]
[PlyCount "86"]
[EventDate "2023.03.18"]
[WhiteTeam "Sussex Martlets 1"]
[BlackTeam "Barbican 4NCL"]

1. d4 Nf6 2. Nf3 d5 3. g3 c5 4. c3 e6 5. Bg2 Nc6 6. O-O Be7 7. Nbd2 O-O 8. Re1
a5 9. Nb3 b6 10. a4 Ne4 11. Be3 f5 12. Nfd2 Nf6 13. h3 e5 14. dxe5 Nxe5 15. f4
Nc6 16. c4 Bb7 17. Qc2 Qd7 18. Rad1 d4 19. Bf2 Nb4 20. Qb1 Bxg2 21. Kxg2 g6 22.
e3 d3 23. Nc1 Rad8 24. Nf3 Ne4 25. Na2 Bf6 26. Nxb4 axb4 27. Qa2 Ra8 28. Qb3
Rfd8 29. Ra1 Qc6 30. Red1 d2 31. Qc2 Ra7 32. g4 Rad7 33. Kf1 Rd3 34. Ke2 b3 35.
Qb1 Qe6 36. gxf5 Qxc4 37. Ne5 Bxe5 38. fxe5 Nxf2 39. Kxf2 Qh4+ 40. Ke2 Qh5+ 41.
Kf2 Qxf5+ 42. Ke2 Qh5+ 43. Kf2 Rf8+ 0-1

[Event "4NCL Division Two"]
[Site "Daventry, ENG"]
[Date "2023.03.18"]
[Round "7.35"]
[White "Navarro Cia, Miguel"]
[Black "Miller, Dominic"]
[Result "1-0"]
[WhiteElo "2229"]
[BlackElo "2129"]
[PlyCount "29"]
[EventDate "2023.03.18"]
[WhiteTeam "Barbican 4NCL"]
[BlackTeam "Sussex Martlets 1"]

1. e4 e6 2. d4 d5 3. Nc3 Bb4 4. e5 c5 5. Qg4 Ne7 6. dxc5 Nbc6 7. Bd2 Nf5 8. Nf3
Bxc5 9. Bd3 h5 10. Qf4 a6 11. O-O-O Nce7 12. Nh4 Bd7 13. f3 Qc7 14. Nxf5 exf5
15. e6 1-0

[Event "4NCL Division Two"]
[Site "Daventry, ENG"]
[Date "2023.03.18"]
[Round "7.36"]
[White "Blake, J Morgan"]
[Black "Sowray, Peter J"]
[Result "0-1"]
[WhiteElo "2118"]
[BlackElo "2209"]
[PlyCount "82"]
[EventDate "2023.03.18"]
[WhiteTeam "Sussex Martlets 1"]
[BlackTeam "Barbican 4NCL"]

1. e4 c5 2. Nf3 d6 3. Bb5+ Nd7 4. O-O a6 5. Bd3 Ngf6 6. Re1 e6 7. c3 b5 8. Bc2
c4 9. d4 cxd3 10. Qxd3 Be7 11. Nbd2 Bb7 12. Qe2 O-O 13. a4 bxa4 14. Rxa4 Nc5
15. Ra3 e5 16. b4 Ne6 17. Nc4 Qc7 18. Na5 Bc8 19. Bd3 Rd8 20. Bd2 Nf4 21. Bxf4
exf4 22. Nd4 Bf8 23. Qd2 g5 24. h4 h6 25. hxg5 hxg5 26. f3 Re8 27. g4 d5 28.
exd5 Re3 29. Rxe3 fxe3 30. Qxe3 Qg3+ 31. Kf1 Nxg4 32. Qxg5+ Kh8 33. fxg4 Bxg4
34. Qf6+ Bg7 35. Qf2 Qxd3+ 36. Kg1 Bh6 37. Qf6+ Kh7 38. Qxf7+ Bg7 39. Qf2 Rf8
40. Qh4+ Bh6 41. Ra1 Rg8 0-1

[Event "4NCL Division Two"]
[Site "Daventry, ENG"]
[Date "2023.03.18"]
[Round "7.37"]
[White "Lauterbach, Ingrid"]
[Black "Graham, David B"]
[Result "0-1"]
[WhiteElo "2004"]
[BlackElo "2187"]
[PlyCount "106"]
[EventDate "2023.03.18"]
[WhiteTeam "Barbican 4NCL"]
[BlackTeam "Sussex Martlets 1"]

1. e4 e6 2. d3 d5 3. Nd2 Nf6 4. Ngf3 Nc6 5. g3 dxe4 6. dxe4 e5 7. Bg2 Bc5 8.
O-O O-O 9. c3 a5 10. a4 b6 11. h3 Ba6 12. Re1 Qe7 13. Bf1 Bxf1 14. Nxf1 Rad8
15. Qc2 Rd7 16. Kg2 Rfd8 17. Bg5 h6 18. Bxf6 Qxf6 19. Rad1 Qe6 20. Rxd7 Rxd7
21. Rd1 Rxd1 22. Qxd1 Qc4 23. N1d2 Qd3 24. Ne1 Qd7 25. Qc2 Ne7 26. Nd3 Bd6 27.
Nc4 Qe6 28. b3 f5 29. exf5 Qd5+ 30. f3 e4 31. Ne1 exf3+ 32. Nxf3 Nxf5 33. Qe2
Bxg3 34. Qe8+ Kh7 35. Ne3 Nh4+ 36. Kxg3 Qxf3+ 37. Kh2 Qe2+ 38. Kg3 Qxe3+ 39.
Qxe3 Nf5+ 40. Kf4 Nxe3 41. Kxe3 Kg6 42. b4 Kf5 43. Kd4 g5 44. bxa5 bxa5 45. Kc5
h5 46. Kc6 g4 47. hxg4+ hxg4 48. c4 g3 49. c5 g2 50. Kxc7 g1=Q 51. c6 Ke6 52.
Kb7 Kd6 53. Ka6 Kxc6 0-1

[Event "4NCL Division Two"]
[Site "Daventry, ENG"]
[Date "2023.03.18"]
[Round "7.41"]
[White "Claridge-Hansen, William"]
[Black "Turner, Max N"]
[Result "0-1"]
[WhiteElo "2347"]
[BlackElo "2259"]
[PlyCount "170"]
[EventDate "2023.03.18"]
[WhiteTeam "Oxford 1"]
[BlackTeam "North East England"]

1. c4 e6 2. g3 d5 3. Bg2 Nf6 4. Nf3 Be7 5. O-O O-O 6. b3 d4 7. Bb2 c5 8. b4 Re8
9. d3 Bf8 10. bxc5 Bxc5 11. Nbd2 e5 12. Nb3 Bd6 13. e3 dxe3 14. fxe3 a5 15. d4
exd4 16. Nfxd4 Be5 17. Rb1 Qe7 18. Qc1 a4 19. Nd2 Ra6 20. N2f3 Bd6 21. Nh4
Qxe3+ 22. Qxe3 Rxe3 23. Nhf5 Rd3 24. Nxd6 Rxd6 25. Nb5 Rd8 26. Bxf6 gxf6 27.
Rxf6 Be6 28. Rf4 Rd1+ 29. Rxd1 Rxd1+ 30. Bf1 Ra1 31. c5 Nd7 32. Rxa4 Nxc5 33.
Rh4 Nd3 34. Nc3 Ne5 35. Kf2 Rc1 36. Ne2 Ra1 37. Nc3 Ng4+ 38. Ke2 Rc1 39. Ne4 f5
40. Nd2 Rc3 41. Bg2 b5 42. Bf3 Re3+ 43. Kd1 Nf2+ 44. Kc2 Bxa2 45. Rf4 Re5 46.
Bd5+ Bxd5 47. Rxf2 Kg7 48. Kc3 Bc6 49. Kd4 Rd5+ 50. Kc3 Kg6 51. Nb3 Re5 52. Nd2
Kg5 53. Kd4 Rd5+ 54. Kc3 Rc5+ 55. Kb4 Rc1 56. Kb3 h5 57. Kb4 Kg6 58. Nf1 Rc4+
59. Kb3 Re4 60. Nd2 Bd5+ 61. Kc3 Rg4 62. Nf3 Bxf3 63. Rxf3 h4 64. Kd2 hxg3 65.
hxg3 Re4 66. Rb3 b4 67. Rf3 Kg5 68. Rb3 Kg4 69. Rd3 Rc4 70. Rb3 Kh3 71. Ke2 Kg2
72. Rd3 Rc2+ 73. Ke1 Rc3 74. Rd5 b3 75. Kd2 Rf3 76. Rd8 Kxg3 77. Ke2 Rf2+ 78.
Ke1 f4 79. Rg8+ Kf3 80. Rb8 Rb2 81. Rf8 Ra2 82. Kd1 Ra1+ 83. Kd2 b2 84. Rb8
b1=Q 85. Rb3+ Kg4 0-1